MARC details
| 000 -LÍDER |
| campo de controle de tamanho fixo |
01589nam a2200349 4500 |
| 001 - NÚMERO DE CONTROLE |
| campo de controle |
121 |
| 003 - IDENTIFICADOR DO NÚMERO DE CONTROLE |
| campo de controle |
OSt |
| 005 - DATA E HORÁRIO DA ÚLTIMA TRANSAÇÃO |
| campo de controle |
20250528074012.0 |
| 008 - CAMPO DE DADOS FIXOS--INFORMAÇÃO GERAL |
| campo de controle de tamanho fixo |
250128b |||||||g |||| 00| 1 eng d |
| 040 ## - FONTE DA CATALOGAÇÃO |
| Idioma da catalogação |
por |
| 041 ## - CÓDIGO DE IDIOMA |
| Código do idioma do original e/ou traduções intermediárias do texto |
eng |
| Código do idioma do texto/trilha sonora ou título diferente |
por |
| 082 ## - CDD - CLASSIFICAÇÃO DECIMAL DE DEWEY |
| Número de Classificação |
823 |
| Número do exemplar |
C555g |
| 100 1# - ENTRADA PRINCIPAL--NOME PESSOAL |
| Nome pessoal |
Christie, Agatha, |
| Datas associadas ao nome |
1890-1976 |
| 9 (RLIN) |
268 |
| 240 ## - TÍTULO UNIFORME |
| Título uniforme |
Cat among the pigeons |
| 245 ## - TÍTULO |
| Título |
Um gato entre os pombos / |
| Indicação de responsabilidade, etc. |
Christie, Agatha ; Tradução de Eliane Fontenelle |
| 260 ## - PUBLICAÇÃO, DISTRIBUIÇÃO, ETC. |
| Local de publicação, distribuição, etc. |
Rio de Janeiro |
| Nome do editor, distribuidor, etc. |
Record |
| Data da publicação, distribuição, etc. |
1987 |
| 300 ## - DESCRIÇÃO FÍSICA |
| Extensão |
251 p. |
| 490 1# - TÍTULO DA SÉRIE |
| Título da série |
Detetive Hercule Poirot |
| 520 ## - NOTA DE RESUMO, ETC. |
| Resumo, etc. |
Um colégio altamente sofisticado na Inglaterra, só para moças - Colégio Meadowbank. O misterioso ambiente do interior das Ilhas Britânicas. E "um gato entre os pombos". No pavilhão de esportes do colégio praticam-se, além de esportes, é claro, também assassinatos... Como ligar fatos aparentemente tão desconexos e percorrer o longo caminho de sangue e espionagem que tem início longe, em Romat, no Oriente Médio, e vai até a Europa? Só o gênio criador de Agatha Christie é capaz de deslindar esse segredo. Juntamente com Hercule Poirot, ela mantém o leitor num suspense jamais igualado na literatura policial. |
| 650 #0 - ASSUNTO--TERMO TÓPICO |
| Cabeçalho tópico ou nome geográfico |
Literatura Inglesa |
| 9 (RLIN) |
89 |
| 650 #0 - ASSUNTO--TERMO TÓPICO |
| Cabeçalho tópico ou nome geográfico |
Romance Policial |
| 9 (RLIN) |
11 |
| 650 #0 - ASSUNTO--TERMO TÓPICO |
| Cabeçalho tópico ou nome geográfico |
Suspense |
| 9 (RLIN) |
10 |
| 650 #0 - ASSUNTO--TERMO TÓPICO |
| Cabeçalho tópico ou nome geográfico |
Mistério |
| 9 (RLIN) |
42 |
| 650 #0 - ASSUNTO--TERMO TÓPICO |
| Cabeçalho tópico ou nome geográfico |
Crime e Investigação |
| 9 (RLIN) |
13 |
| 650 #0 - ASSUNTO--TERMO TÓPICO |
| Cabeçalho tópico ou nome geográfico |
Clássicos |
| 9 (RLIN) |
77 |
| 650 #0 - ASSUNTO--TERMO TÓPICO |
| Cabeçalho tópico ou nome geográfico |
Filme |
| 9 (RLIN) |
26 |
| 655 #0 - TERMO DE ÍNDICE--GÊNERO E FORMA |
| Gênero/forma/ou termo foco |
Romance |
| 655 #0 - TERMO DE ÍNDICE--GÊNERO E FORMA |
| Gênero/forma/ou termo foco |
Ficção |
| 700 ## - ENTRADA ADICIONADA - NOME PESSOAL |
| Nome pessoal |
Eliane Fontenelle |
| Função do autor por extenso |
Tradutor |
| 9 (RLIN) |
270 |
| 830 ## - ENTRADA SECUNDÁRIA DE SÉRIE--TÍTULO UNIFORME |
| Título uniforme |
Detetive Hercule Poirot |
| 9 (RLIN) |
271 |
| 942 ## - ELEMENTOS DE ENTRADA ADICIONADOS (KOHA) |
| Fonte de classificação ou esquema de arquivamento |
Classificação decimal de Dewey |
| Ocultar no OPAC |
Não |
| Tipo de material Koha |
Livros |